000 00870nam a2200217 u 4500
001 000692039
003 AM-YeHGA
005 20250617142356.0
008 091022s1978 ai | |||||||||||||rus|d
040 _aAM-YeHGA
041 0 _arus
245 0 0 _aТракторы ДТ-75М, ДТ-75Б, ДТ-75К /
_cМ.А. Шаров, А.А. Дивинский, Н.П. Харченко и др.
260 _aМосква :
_bКолос,
_c1978.
300 _a375 с. :
_bрис., табл. ;
_c21 см.
650 1 4 _aСельскохозяйственная техника
650 1 4 _aСельскохозяйственный транспорт
700 1 _aШаров, Михаил Александрович
700 1 _aДивинский, Аркадий Аронович
700 1 _aХарченко, Николай Пантелеймонович
090 _c258173
999 _c256568
_d256568